=LDR 00000nam 2200000 4500 =001 INLIS000000000021387 =005 20220606014648 =035 ##$$a 0010-061300000021387 =008 220606################g##########0#ind## =041 ##$$a Ind =082 ##$$a 574.07 =090 ##$$a 374.07, Sud b =100 ##$$a SUDARNO =245 1#$$a Biologi 2 : $b SMU untuk Kelas 2 /$c Sudarno, Ismu Yunanto =260 ##$$a Surakarta :$b Pabelan,$c 2000 =300 ##$$a vi, 168 hlm : $b Ilus ; $c 27 cm =700 #$$a YUNANTO, ISMU =850 ##$$a NBPNMAT =084 ##$$a 574.07 SUD b =650 #4$$a Biologi SMU =990 ##$$a 158.732/Pb 2000 =990 ##$$a 158.732/Pb 2000 =990 ##$$a 00055020 =990 ##$$a 20872087